Cardinaux français créés aux XXe-XXIe s. - Statistiques

Statistiques générales
  • Ce quiz a été pris 11 fois
  • Le résultat moyen est 11 sur 59
Statistiques - réponses
Hint Réponse % Correct
Archevêque de Lyon (2002-2020) Philippe Barbarin
100%
Archevêque de Paris (2005-2017) André Vingt-Trois
88%
Évêque d'Ajaccio (depuis 2021) François Bustillo
63%
Archevêque de Marseille (depuis 2019) Jean-Marc Aveline
63%
Achevêque de Paris (1981-2005) Jean-Marie Lustiger
63%
Archevêque de Bordeaux (2001-2019) Jean-Pierre Ricard
63%
Cardinal à la Curie romaine (1984-1995) Roger Etchegaray
63%
Archevêque de Marseille (1995-2006) Bernard Panafieu
50%
Archevêque de Lyon (1995-1998) Jean Balland
50%
Archevêque de Lyon (1998-2002) Louis-Marie Billé
50%
Archevêque de Paris (1968-1981) François Marty
38%
Cardinal à la Curie romaine (1990-2018) Jean-Louis Tauran
38%
Évêque de Lille (1928-1968) Achille Liénart
25%
Archevêque de Lyon (1967-1981) Alexandre Renard
25%
Nonce apostolique aux USA (depuis 2016) Christophe Pierre
25%
Archevêque de Bordeaux (1989-2001 Pierre Eyt
25%
Cardinal à la Curie romaine (depuis 2006) Dominique Mamberti
25%
Théologien jésuite, expert au Concile Vatican II Henri de Lubac
25%
Cardinal à la Curie (1936-1986) Jacques Martin
25%
Secrétaire d'Etat du Saint-Siège(1969-1979) Jean-Marie Villot
25%
Archevêque de Rouen (1948-1968) Joseph Martin
25%
Achevêque de Toulouse (1935-1956) Jules Saliège
25%
Théologien jésuite, bibliste, créé cardinal en 2006 Albert Vanhoye
13%
Archevêque de Rennes (1921-1930) Alexis-Armand Charost
13%
Cardinal à la Curie romaine (1980-2007) Paul Poupard
13%
Archevêque de Paris (1940-1949) Emmanuel Suhard
13%
Évêque de Tours (1981-1997) Jean Honoré
13%
Archevêque d'Alger (1954-1988) Léon-Étienne Duval
13%
Simple prêtre. Cardinal démissionnaire en 1927 Louis Billot
13%
Archevêque de Paris (1966-1968) Pierre Veuillot
13%
Cardinal à la Curie romaine (1927-1935) Alexis-Henri-Marie Lépicier
0%
Recteur de l'Institut catholique de Paris (1907-1942) Alfred Baudrillart
0%
Évêque de Montpellier (1874-1921) Anatole de Cabrières
0%
Juge à la Curie romaine (1922-1964) André Jullien
0%
Archevêque de Rennes (1906-1921) Auguste-René-Marie Dubourg
0%
Archevêque de Rennes (1940-1964) Clément Roques
0%
Archevêque de Paris (1929-1940) Jean Verdier
0%
Archevêque de Lyon (1937-1965) Pierre Gerlier
0%
Cardinal à la Curie (1936-1971), Doyen du Collège Eugène Tisserant
0%
Archevêque de Chambéry (1907-1914) François-Virgile Dubillard
0%
Cardinal à la Curie (1966-1988) Gabriel-Marie Garrone
0%
Évêque du Mans (1918-1959) Georges Grente
0%
Archevêque de Lyon (1912-1916) Hector-Irénée Sevin
0%
Archevêque de Besançon (1927-1936) Henri Binet
0%
Théologien jésuite, évêque titulaire (1969) Jean Daniélou
0%
Archevêque de Toulouse (1966-1978) Jean Guyot
0%
Archevêque de Bourges (1943-1969) Joseph-Charles Lefebvre
0%
Archevêque de Paris (1908-1920) Léon-Adolphe Amette
0%
Archevêque de Paris (1920-1929) Louis-Ernest Dubois
0%
Archevêque de Reims (1906-1930) Louis-Joseph Luçon
0%
Archevêque de Lyon (1916-1936) Louis-Joseph Maurin
0%
Archevêque de Paris (1949-1966) Maurice Feltin
0%
Dominicain, cardinal à la Curie romaine (1959-1980) Paul Philippe
0%
Archevêque de Bordeaux (1950-1968) Paul-Richaud
0%
Archevêque de Bordeaux (1909-1935) Pierre-Paulin Andrieu
0%
Archevêque de Rouen (1936-1947) Pierre Petit de Julleville
0%
Archevêque de Marseille (1985-1995) Robert Coffy
0%
Évêque d'Orléans (1894-1926) Stanislas-Athur-Xavier Touchet
0%
Théologien dominicain, expert au Concile Vatican II Yves Congar
0%
Aucun quiz correspondant
Distribution des résultats
% des personnes avec chaque résultat
Percentile par nombre de réponses
Votre historique - résultats
Vous n’avez pas pris ce quiz